000 00344nam a22001577a 4500
003 SGT
020 _a9780367460969
082 _a384.33
_bADO
100 _aADORNATO ANTHONY
245 _aMOBILE AND SOCIAL MEDIA JOURNALISM
250 _a2ND
260 _aLONDON
_c2022
_bROUTLEDGE PUB
300 _a365
650 _aBJMC
942 _2ddc
_cBK
999 _c32152
_d32152